Laser physics (Record no. 358413)

MARC details
000 -LEADER
fixed length control field 00502 a2200205 4500
005 - DATE & TIME
control field 20250121103548.0
008 - FIXED-LENGTH DATA ELEMENTS--GENERAL INFORMATION
fixed length control field 250120b |||||||| |||| 00| 0 eng d
020 ## - ISBN
International Standard Book Number 9789356091795
Price Rs. 1295.00
040 ## - CATALOGING SOURCE
Original cataloging agency VIVEKANANDA LIBRARY
082 ## - DDC NUMBER
Classification number 535.58
Book Number T21L
100 ## - MAIN ENTRY--PERSONAL NAME
Personal name Tayagrajan, S
245 ## - TITLE STATEMENT
Title Laser physics
260 ## - PUBLICATION, DISTRIBUTION, ETC. (IMPRINT)
Name of publisher, distributor, etc Arihant Books
Date of publication, distribution, etc 2022
Place of publication, distribution, etc New Delhi
300 ## - PHYSICAL DESCRIPTION
Pages viii, 256
650 ## - Subject
Subject Physics
650 ## - Subject
Subject Laser Physics
650 ## - Subject
Subject Solid State Laser
650 ## - Subject
Subject Laser Designs
942 ## - ADDED ENTRY ELEMENTS (KOHA)
Koha item type Books
Holdings
Withdrawn status Lost status Source of classification or shelving scheme Damaged status Not for loan Location (home branch) Sublocation or collection (holding branch) Shelving location Date acquired Koha issues (times borrowed) Koha full call number Accession No. Koha date last seen Koha item type
    Dewey Decimal Classification     VIVEKANANDA LIBRARY VIVEKANANDA LIBRARY Vivekananda Library 23/12/2024   535.58 T21L 394646 23/12/2024 Books
    Dewey Decimal Classification     VIVEKANANDA LIBRARY VIVEKANANDA LIBRARY Vivekananda Library 20/01/2025 1 535.58 T21L 394647 19/01/2026 Books
© Designed and Maintained by Vivekananda Library, MDU Rohtak